The philosophy of reflection (Record no. 155501)

MARC details
000 -LEADER
campo de control de longitud fija 00689nam a22002055i 4500
001 - NÚMERO DE CONTROL
campo de control 155501
003 - IDENTIFICADOR DE NÚMERO DE CONTROL
campo de control ES-MaACL
005 - FECHA Y HORA DE LA ÚLTIMA TRANSACCIÓN
campo de control 20250804062750.0
008 - DATOS DE LONGITUD FIJA--INFORMACIÓN GENERAL
campo de control de longitud fija 040721s1878 xxk |||| | eng d
040 ## - FUENTE DE CATALOGACIÓN
Centro catalogador/agencia de origen CAM
Lengua de catalogación spa
Centro/agencia transcriptor CAM
100 1# - ENTRADA PRINCIPAL--NOMBRE DE PERSONA
Nombre de persona Hodgson, Shadworth H.
9 (RLIN) 128009
245 14 - MENCIÓN DEL TÍTULO
Título The philosophy of reflection
Resto del título : in three books /
Mención de responsabilidad, etc. by Shadworth H. Hodgson.
260 ## - PUBLICACIÓN, DISTRIBUCIÓN, ETC.
Lugar de publicación, distribución, etc. London :
Nombre del editor, distribuidor, etc. Longmans, Green and Co.,
Fecha de publicación, distribución, etc. 1878 (
Fabricante Robson and Sons, printers)
300 ## - DESCRIPCIÓN FÍSICA
Extensión 2 v. (VIII, 441 ; 312 p.) ;
Dimensiones 24 cm.
597 ## - NOTA DE DESCRIPCIÓN FÍSICA
NOTA DE DESCRIPCIÓN FÍSICA Enc. 3 t. en 2 v.
650 07 - PUNTO DE ACCESO ADICIONAL DE MATERIA--TÉRMINO DE MATERIA
Término de materia o nombre geográfico como elemento de entrada Filosofía
Fuente del encabezamiento o término embne
9 (RLIN) 12802
752 ## - ENTRADA AGREGADA--NOMBRE JERÁRQUICO DEL LUGAR
País o entidad superior Gran Bretaña -
Jurisdicción política intermedia Londres
852 ## - LOCALIZACIÓN
Ubicación ES-MaACL
Número de control de estantería F-99-100
Nota libre - Enc. tela
Holdings
Estatus retirado Estado de pérdida Estado de daño No para préstamo Colección Biblioteca de origen Biblioteca actual Ubicación en estantería Fecha de adquisición Fuente de adquisición Total de préstamos Signatura topográfica completa Código de barras Visto por última vez Precio de reemplazo Tipo de ítem Koha
        Libros del s. XIX Biblioteca del Ateneo de Madrid Biblioteca del Ateneo de Madrid Depósito 2 17/01/2008     F-99-100 1162658 23/02/2023 23/02/2023 Libro impreso antiguo